Obras de Francisco de Figueroa, Laureado Pindaro Español / (Record no. 63808)

MARC details
000 -LEADER
campo de control de longitud fija 00774nam a2200193 i 4500
001 - NÚMERO DE CONTROL
campo de control 63808
003 - IDENTIFICADOR DE NÚMERO DE CONTROL
campo de control ES-MaACL
005 - FECHA Y HORA DE LA ÚLTIMA TRANSACCIÓN
campo de control 20251017063051.0
007 - CAMPO FIJO DE DESCRIPCIÓN FÍSICA--INFORMACIÓN GENERAL
campo de control de longitud fija t|
008 - DATOS DE LONGITUD FIJA--INFORMACIÓN GENERAL
campo de control de longitud fija 031217s1903 xxu ||||1| spa d
100 1# - ENTRADA PRINCIPAL--NOMBRE DE PERSONA
Nombre de persona Figueroa, Francisco de,
Fechas asociadas al nombre 1536-1617
9 (RLIN) 151801
245 10 - MENCIÓN DEL TÍTULO
Título Obras de Francisco de Figueroa, Laureado Pindaro Español /
Mención de responsabilidad, etc. Publicadas por el Licenciado Luis Tribaldos de Toledo.
250 ## - MENCION DE EDICION
Mención de edición Enmendadas, i mui añadidas en esta 2ª ed.
260 ## - PUBLICACIÓN, DISTRIBUCIÓN, ETC.
Lugar de publicación, distribución, etc. [Nueva York :
Nombre del editor, distribuidor, etc. De Vinne Press,
Fecha de publicación, distribución, etc. 1903]
300 ## - DESCRIPCIÓN FÍSICA
Extensión 16 h., 64 p. ;
Dimensiones 15 cm.
594 ## - Nota al título y mención de responsabilidad
Nota al título y mención de responsabilidad Traducción de: Lisboa: Pedro Craesbeeck-1626, hecha a expensas de Mr. Archer M. Huntington. Constó la tirada de 200 ejemplares.
852 ## - LOCALIZACIÓN
Ubicación ES-MaACL
Número de control de estantería R-621
Encuadernación Olim: D-3978
Holdings
Estatus retirado Estado de pérdida Estado de daño No para préstamo Biblioteca de origen Biblioteca actual Ubicación en estantería Fecha de adquisición Fuente de adquisición Total de préstamos Signatura topográfica completa Código de barras Visto por última vez Precio de reemplazo Tipo de ítem Koha
        Biblioteca del Ateneo de Madrid Biblioteca del Ateneo de Madrid Depósito 17/01/2008     R-621 1066870 23/02/2023 23/02/2023 Libro impreso